Štart od nuly - dnes už na vlastných nohách

Podrobná bibliografia
Hlavní autori: Wisterová, Zuzana (Author), Mažgútová, Božena (Author)
Médium: Článok
Jazyk:Slovak
Témy:
Zdroj: 1. Nedeľná pravda 1. Roč. 5, č. 4(1996), s. 40
LEADER 01032nab#a2200397#ar4500
001 000040113
003 SVKKK
005 00000000000000.0
008 c xo e sloo
FMT
038 |a SVKKK 
040 |a SVKKK  |b slo  |e AACR2 
041 0 |a slo 
044 |a xo  |c SK 
080 |a 796.  |2 1981 
080 |a 92  |2 1981 
100 1 |a Wisterová, Zuzana  |4 aut 
245 1 0 |a Štart od nuly - dnes už na vlastných nohách  |c Wisterová Zuzana, Mažgútová Božena 
300 |b Fotogr. 2 
600 1 4 |a Mažgútová, Božena,  |d ?,  |x hádzanárka sl.  |x Sečovce (TV)  |x rodáčka  |x Prešov  |x pôsobenie 
650 0 4 |a Mažgútová, Božena (?-) 
650 0 4 |a rozhovory profilové 
700 1 |a Mažgútová, Božena  |4 aut 
773 0 |t Nedeľná pravda  |g Roč. 5, č. 4(1996), s. 40 
957 |a Prešov 
957 |a Sečovce 
958 |a NP 
958 |a PO 
958 |a RE 
958 |a SV 
958 |a TV 
974 |d 970423  |a SAB 
992 |a RBX 
BAS
852 |a SVKKK  |b BIB 
998 |a REG